Guess the 1960s song lyrics #82 - Statistics

General Stats
  • This quiz has been taken 46 times
  • The average score is 244 of 388
Answer Stats
Answer % Correct
the
100%
The
100%
mash
93%
monster
93%
I
91%
did
88%
a
86%
night
86%
When
86%
It
84%
was
84%
on
81%
They
81%
He
79%
he
79%
in
79%
one
77%
an
74%
smash
74%
And
67%
and
67%
graveyard
67%
to
67%
To
67%
where
67%
do
65%
my
65%
My
65%
you
65%
late
63%
eyes
58%
sight
58%
were
58%
his
56%
Then
56%
of
53%
For
51%
is
51%
It's
51%
it's
51%
lab
47%
now
47%
Now
47%
them
47%
working
47%
all
44%
beheld
44%
can
44%
caught
44%
Dracula
44%
eerie
44%
flash
44%
just
44%
surprise
44%
this
44%
by
42%
from
42%
From
42%
too
42%
With
42%
Out
40%
get
37%
had
37%
son
33%
tell
33%
began
30%
came
30%
said
30%
Igor
28%
rise
28%
their
28%
Boris
26%
happened
26%
part
26%
sent
26%
suddenly
26%
thing
26%
Twist
26%
Wolfman
26%
Crypt
23%
door
23%
Five
23%
good
23%
hit
23%
Kicker
23%
played
23%
Seems
23%
Transylvania
23%
about
21%
band
21%
baying
21%
begun
21%
coffin
21%
hounds
21%
party
21%
Whatever
21%
fun
19%
ghouls
19%
You'll
19%
backed
16%
boy
16%
fist
16%
land
16%
lid
16%
Drac's
14%
everything's
14%
group
14%
guests
14%
included
14%
jolt
14%
opened
14%
scene
14%
shook
14%
slab
14%
vampires
14%
arrive
12%
castle
12%
catch
12%
cool
12%
digging
12%
electrodes
12%
having
12%
humble
12%
living
12%
meant
12%
ring
12%
rockin
12%
sounds
12%
troubled
12%
voice
12%
abodes
9%
bangers
9%
bedroom
9%
chains
9%
east
9%
Easy
9%
feast
9%
laboratory
9%
vocal
9%
master
7%
young
7%
zombies
7%
impetuous
5%
Bobby Boris Pickett
2%
Ugh
2%
No matching quizzes found
Score Distribution
Percent of People with Each Score
Percentile by Number Answered
Your Score History
You have not taken this quiz